<?xml version="1.0" encoding="UTF-8"?>
<record
    xmlns:xsi="http://www.w3.org/2001/XMLSchema-instance"
    xsi:schemaLocation="http://www.loc.gov/MARC21/slim http://www.loc.gov/standards/marcxml/schema/MARC21slim.xsd"
    xmlns="http://www.loc.gov/MARC21/slim">

  <leader>01623nam a22002417a 4500</leader>
  <datafield tag="952" ind1=" " ind2=" ">
    <subfield code="0">0</subfield>
    <subfield code="1">0</subfield>
    <subfield code="4">0</subfield>
    <subfield code="7">0</subfield>
    <subfield code="a">23</subfield>
    <subfield code="b">23</subfield>
    <subfield code="d">2019-10-17</subfield>
    <subfield code="l">0</subfield>
    <subfield code="o">LB1140.3 G37</subfield>
    <subfield code="p">23 003279</subfield>
    <subfield code="r">2024-10-02</subfield>
    <subfield code="t">1</subfield>
    <subfield code="w">2019-10-17</subfield>
    <subfield code="y">LB</subfield>
  </datafield>
  <datafield tag="952" ind1=" " ind2=" ">
    <subfield code="0">0</subfield>
    <subfield code="1">0</subfield>
    <subfield code="4">0</subfield>
    <subfield code="7">0</subfield>
    <subfield code="a">23</subfield>
    <subfield code="b">23</subfield>
    <subfield code="d">2019-10-17</subfield>
    <subfield code="l">0</subfield>
    <subfield code="o">LB1140.3 G37</subfield>
    <subfield code="p">23 003280</subfield>
    <subfield code="r">2024-07-31</subfield>
    <subfield code="t">2</subfield>
    <subfield code="w">2019-10-17</subfield>
    <subfield code="y">LB</subfield>
  </datafield>
  <datafield tag="952" ind1=" " ind2=" ">
    <subfield code="0">0</subfield>
    <subfield code="1">0</subfield>
    <subfield code="4">0</subfield>
    <subfield code="7">0</subfield>
    <subfield code="a">23</subfield>
    <subfield code="b">23</subfield>
    <subfield code="d">2019-10-17</subfield>
    <subfield code="l">0</subfield>
    <subfield code="o">LB1140.3 G37</subfield>
    <subfield code="p">23 003281</subfield>
    <subfield code="r">2019-10-17</subfield>
    <subfield code="t">3</subfield>
    <subfield code="w">2019-10-17</subfield>
    <subfield code="y">LB</subfield>
  </datafield>
  <datafield tag="952" ind1=" " ind2=" ">
    <subfield code="0">0</subfield>
    <subfield code="1">0</subfield>
    <subfield code="4">0</subfield>
    <subfield code="7">0</subfield>
    <subfield code="a">23</subfield>
    <subfield code="b">23</subfield>
    <subfield code="d">2019-10-17</subfield>
    <subfield code="l">0</subfield>
    <subfield code="o">LB1140.3 G37</subfield>
    <subfield code="p">23 003282</subfield>
    <subfield code="r">2019-10-17</subfield>
    <subfield code="t">4</subfield>
    <subfield code="w">2019-10-17</subfield>
    <subfield code="y">LB</subfield>
  </datafield>
  <datafield tag="952" ind1=" " ind2=" ">
    <subfield code="0">0</subfield>
    <subfield code="1">0</subfield>
    <subfield code="4">0</subfield>
    <subfield code="7">0</subfield>
    <subfield code="a">23</subfield>
    <subfield code="b">23</subfield>
    <subfield code="d">2019-10-17</subfield>
    <subfield code="l">1</subfield>
    <subfield code="o">LB1140.3 G37</subfield>
    <subfield code="p">23 003283</subfield>
    <subfield code="r">2022-07-25</subfield>
    <subfield code="s">2022-07-22</subfield>
    <subfield code="t">5</subfield>
    <subfield code="w">2019-10-17</subfield>
    <subfield code="y">LB</subfield>
  </datafield>
  <datafield tag="952" ind1=" " ind2=" ">
    <subfield code="0">0</subfield>
    <subfield code="1">0</subfield>
    <subfield code="4">0</subfield>
    <subfield code="7">0</subfield>
    <subfield code="a">23</subfield>
    <subfield code="b">23</subfield>
    <subfield code="d">2019-10-17</subfield>
    <subfield code="l">0</subfield>
    <subfield code="o">LB1140.3 G37</subfield>
    <subfield code="p">23 003284</subfield>
    <subfield code="r">2019-10-17</subfield>
    <subfield code="t">6</subfield>
    <subfield code="w">2019-10-17</subfield>
    <subfield code="y">LB</subfield>
  </datafield>
  <datafield tag="952" ind1=" " ind2=" ">
    <subfield code="0">0</subfield>
    <subfield code="1">0</subfield>
    <subfield code="4">0</subfield>
    <subfield code="7">0</subfield>
    <subfield code="a">23</subfield>
    <subfield code="b">23</subfield>
    <subfield code="d">2019-10-17</subfield>
    <subfield code="l">0</subfield>
    <subfield code="o">LB1140.3 G37</subfield>
    <subfield code="p">23 003285</subfield>
    <subfield code="r">2019-10-17</subfield>
    <subfield code="t">7</subfield>
    <subfield code="w">2019-10-17</subfield>
    <subfield code="y">LB</subfield>
  </datafield>
  <datafield tag="952" ind1=" " ind2=" ">
    <subfield code="0">0</subfield>
    <subfield code="1">0</subfield>
    <subfield code="4">0</subfield>
    <subfield code="7">0</subfield>
    <subfield code="a">23</subfield>
    <subfield code="b">23</subfield>
    <subfield code="d">2019-10-17</subfield>
    <subfield code="l">0</subfield>
    <subfield code="o">LB1140.3 G37</subfield>
    <subfield code="p">23 003286</subfield>
    <subfield code="r">2019-10-17</subfield>
    <subfield code="t">8</subfield>
    <subfield code="w">2019-10-17</subfield>
    <subfield code="y">LB</subfield>
  </datafield>
  <datafield tag="952" ind1=" " ind2=" ">
    <subfield code="0">0</subfield>
    <subfield code="1">0</subfield>
    <subfield code="4">0</subfield>
    <subfield code="7">0</subfield>
    <subfield code="a">23</subfield>
    <subfield code="b">23</subfield>
    <subfield code="d">2019-10-17</subfield>
    <subfield code="l">0</subfield>
    <subfield code="o">LB1140.3 G37</subfield>
    <subfield code="p">23 003287</subfield>
    <subfield code="r">2019-10-17</subfield>
    <subfield code="t">9</subfield>
    <subfield code="w">2019-10-17</subfield>
    <subfield code="y">LB</subfield>
  </datafield>
  <datafield tag="952" ind1=" " ind2=" ">
    <subfield code="0">0</subfield>
    <subfield code="1">0</subfield>
    <subfield code="2">lcc</subfield>
    <subfield code="4">0</subfield>
    <subfield code="7">0</subfield>
    <subfield code="a">13</subfield>
    <subfield code="b">13</subfield>
    <subfield code="d">2019-11-27</subfield>
    <subfield code="l">1</subfield>
    <subfield code="o">LB1140.3 G37 2010</subfield>
    <subfield code="p">13 004994</subfield>
    <subfield code="r">2020-02-24</subfield>
    <subfield code="s">2020-02-24</subfield>
    <subfield code="t">1</subfield>
    <subfield code="w">2019-11-27</subfield>
    <subfield code="y">LB</subfield>
  </datafield>
  <datafield tag="999" ind1=" " ind2=" ">
    <subfield code="c">104612</subfield>
    <subfield code="d">104612</subfield>
  </datafield>
  <controlfield tag="008">191017s2010    mx a|||| |||| 000 0 spa d</controlfield>
  <datafield tag="020" ind1=" " ind2=" ">
    <subfield code="a">9786074700091</subfield>
  </datafield>
  <datafield tag="050" ind1=" " ind2=" ">
    <subfield code="a">LB1140.3</subfield>
    <subfield code="b">G37</subfield>
  </datafield>
  <datafield tag="100" ind1="1" ind2=" ">
    <subfield code="a">Gass&#xF3; Gimeno, Anna</subfield>
    <subfield code="e">autor</subfield>
  </datafield>
  <datafield tag="245" ind1="1" ind2="3">
    <subfield code="a">La Educaci&#xF3;n infantil</subfield>
    <subfield code="b">: M&#xE9;todos, t&#xE9;cnicas y organizaci&#xF3;n</subfield>
    <subfield code="c">/ Anna Gass&#xF3; Gimeno; con las aportaciones de: Florencio Rodao Yubero, Mar&#xED;a Luisa Mu&#xF1;iz, Josefina Unturbe... [et.al]</subfield>
  </datafield>
  <datafield tag="260" ind1="3" ind2=" ">
    <subfield code="a">M&#xE9;xico</subfield>
    <subfield code="b">: Planeta DeAgostini</subfield>
    <subfield code="b">: CEAC</subfield>
    <subfield code="c">, 2010</subfield>
  </datafield>
  <datafield tag="300" ind1=" " ind2=" ">
    <subfield code="a">277 p&#xE1;ginas</subfield>
    <subfield code="b">: ilustraciones</subfield>
  </datafield>
  <datafield tag="490" ind1="0" ind2=" ">
    <subfield code="a">(CEAC Educaci&#xF3;n Infantil)</subfield>
  </datafield>
  <datafield tag="505" ind1="1" ind2=" ">
    <subfield code="a">1. La educaci&#xF3;n infantil, hoy. Concepto de educaci&#xF3;n infantil.
2. Fundamentos metodol&#xF3;gicos de la educaci&#xF3;n infantil.
3. Principios metodol&#xF3;gicos de la educaci&#xF3;n actual.
4. Planificaci&#xF3;n y organizaci&#xF3;n de las actividades educativas en la escuela infantil.
5. &#xC1;reas o &#xE1;mbitos de aprendizaje en la educaci&#xF3;n infantil.
6. Formas actuales de intervenci&#xF3;n educativa en la escuela infantil.</subfield>
  </datafield>
  <datafield tag="519" ind1=" " ind2=" ">
    <subfield code="a">Plan UNAM 5&#xB0; semestre (Optativa) / </subfield>
    <subfield code="b">Enfermer&#xED;a / </subfield>
    <subfield code="c">Estimulaci&#xF3;n temprana (0022) / </subfield>
    <subfield code="d">(23 003279, 23 003280, 23 003281, 23 003282, 23 003283, 23 003284, 23 003285, 23 003286, 23 003287)</subfield>
  </datafield>
  <datafield tag="519" ind1=" " ind2=" ">
    <subfield code="a">DGB /</subfield>
    <subfield code="b">Prepa UIN /</subfield>
    <subfield code="c">La educaci&#xF3;n inicial e instituciones de atenci&#xF3;n infantil /</subfield>
    <subfield code="d">(13 004994)</subfield>
  </datafield>
  <datafield tag="650" ind1="1" ind2=" ">
    <subfield code="a">EDUCACION INFANTIL</subfield>
    <subfield code="x">M&#xC9;TODOS</subfield>
  </datafield>
  <datafield tag="700" ind1="1" ind2=" ">
    <subfield code="a">Rodao Yubero, Florencio</subfield>
    <subfield code="e">Colaborador</subfield>
  </datafield>
  <datafield tag="700" ind1="1" ind2=" ">
    <subfield code="a">Luisa Mu&#xF1;iz, Mar&#xED;a</subfield>
    <subfield code="e">colaborador</subfield>
  </datafield>
  <datafield tag="700" ind1="1" ind2=" ">
    <subfield code="a">Unturbe, Josefina</subfield>
    <subfield code="e">Colaborador</subfield>
  </datafield>
  <datafield tag="942" ind1=" " ind2=" ">
    <subfield code="c">LB</subfield>
    <subfield code="2">lcc</subfield>
  </datafield>
</record>
